[Event "GER-ch U25-C"]
[Site "Willingen"]
[Date "2023.06.01"]
[Round "7"]
[White "Hempel, Christian"]
[Black "Lola, Ioanna Maria"]
[Result "1/2-1/2"]
[WhiteElo "774"]
[BlackElo "1024"]
[PlyCount "46"]
[EventDate "2023.05.27"]
[EventType "swiss"]
[EventRounds "9"]
[EventCountry "GER"]
[SourceTitle "CBM 214 Extra"]
[Source "ChessBase"]
[SourceDate "2023.07.31"]
[SourceVersion "1"]
[SourceVersionDate "2023.07.31"]
[SourceQuality "1"]

1. d4 d5 2. c4 e6 3. Nf3 Be7 4. Bf4 c6 5. e3 Nf6 6. Bd3 0-0 7. 0-0 Nbd7 8. Nc3 b6 9. Qc2 g6 10. Rac1 Bb7 11. b3 Rc8 12. e4 dxe4 13. Nxe4 Nxe4 14. Bxe4 Nf6 15. Rcd1 Nxe4 16. Qxe4 Qd7 17. c5 Rfd8 18. cxb6 axb6 19. Ne5 Qe8 20. Qe3 Ra8 21. Rd2 Bb4 22. Rc2 Rd5 23. Ng4 Qd8 1/2-1/2

[Event "GER-ch U25-C"]
[Site "Willingen"]
[Date "2023.05.31"]
[Round "6"]
[White "Engelhaupt, Henry"]
[Black "Hempel, Christian"]
[Result "1-0"]
[WhiteElo "1196"]
[BlackElo "774"]
[PlyCount "130"]
[EventDate "2023.05.27"]
[EventType "swiss"]
[EventRounds "9"]
[EventCountry "GER"]
[SourceTitle "CBM 214 Extra"]
[Source "ChessBase"]
[SourceDate "2023.07.31"]
[SourceVersion "1"]
[SourceVersionDate "2023.07.31"]
[SourceQuality "1"]

1. e4 e5 2. Nf3 Nc6 3. Bc4 Bc5 4. c3 Nf6 5. d3 h6 6. 0-0 0-0 7. Nbd2 d6 8. h3 Qe7 9. Re1 Be6 10. Bxe6 Qxe6 11. Nf1 Rad8 12. Be3 Bb6 13. Bxb6 axb6 14. Ng3 d5 15. exd5 Qxd5 16. Ne4 Nxe4 17. dxe4 Qxd1 18. Raxd1 Ra8 19. a3 Rfd8 20. Rxd8+ Rxd8 21. Nh4 g6 22. Kh2 Rd2 23. f3 Rxb2 24. Rd1 Rb3 25. Rd7 Rxa3 26. Rxc7 Rxc3 27. Rxb7 Rb3 28. Kg3 b5 29. Kg4 b4 30. g3 Rb1 31. Ng2 b3 32. Ne3 Na5 33. Rb6 Rc1 34. Rb5 Rc3 35. Rxa5 Rxe3 36. Rb5 Kg7 37. Rb4 Kf6 38. f4 h5+ 39. Kh4 exf4 40. gxf4 Rf3 41. Rb6+ Kg7 42. f5 Rf4+ 43. Kg5 Rf3 44. f6+ Kh7 45. Rb7 Rg3+ 46. Kh4 Rf3 47. Kg5 Rg3+ 48. Kf4 Rxh3 49. Rxf7+ Kh6 50. Rb7 g5+ 51. Kf5 Rf3+ 52. Ke6 b2 53. Rxb2 Kg6 54. e5 h4 55. Rb7 h3 56. Rg7+ Kh6 57. Rg8 g4 58. Rxg4 Kh5 59. Rg8 Kh4 60. f7 h2 61. f8Q Rxf8 62. Rxf8 Kg3 63. Rh8 Kg2 64. Rxh2+ Kxh2 65. Kf6 Kg3 1-0